| 000 | 00872nam a22002777a 4500 | ||
|---|---|---|---|
| 003 | CHAP | ||
| 005 | 20220329140048.0 | ||
| 008 | 971013s r 00010 d | ||
| 010 | _a46405 | ||
| 011 | _a47377 | ||
| 035 | _a51519 | ||
| 040 | _cCHAP | ||
| 090 | _aR-152 | ||
| 100 | 0 | 0 |
_aThomas, C. A. _9112813 |
| 245 | _aAmino compounds and reducing sugar in relation to resistance of sesame to Pseudomonas sesami | ||
| 500 | _aSobretiro de : Phytopath. Zeit. 46:101-104, 1963 | ||
| 590 |
_aBATCH-UPD _b10 _c20130110 _lUCH01 _h2134 |
||
| 590 |
_aBATCH-UPD _b10 _c20130410 _lUCH01 _h1443 |
||
| 590 |
_aBATCH-UPD _b10 _c20130913 _lUCH01 _h2334 |
||
| 590 |
_aCONVERSION _b10 _c20130109 _lUCH01 _h1325 |
||
| 650 | 1 | 4 |
_aAjonjolĂ _xEnfermedades. _93233 |
| 650 | 1 | 4 |
_aPseudomonas sesami. _992577 |
| 901 | _aBK | ||
| 942 | _cREIMP | ||
| 949 |
_aR-152 _bBC _cR _d-115177 _eTS1 _i51519 _si |
||
| 999 |
_c46405 _d46405 |
||